000 00502nam a2200193Ia 4500
999 _c80177
_d80177
001 69673
003 OSt
005 20220131124525.0
008 151205s9999||||xx |||||||||||||| ||und||
020 _aNA
040 _cPK-LaUMT
082 _a348.5491
_bPAK-
100 _aAsmat Kamal Khan
245 _aPakistan supreme court cases [PSC, 1983]
_cAsmat Kamal Khan
260 _aLahore,Pakistan:
_bPakistan Study Center Punjab University,
_c1983
501 _a2 vols
546 _aEN
942 _cLPJ
_2ddc